000 00984nam a22003017a 4500
003 CHAP
005 20220329135618.0
008 971013s1979 r 00010 d
010 _a39296
011 _a40268
035 _a44393
040 _cCHAP
082 _a634.922
_bM6
100 0 0 _aMongi, H. O.
_eed.
_977518
245 _aSoils research in agroforestry
_b: proceedings of an expert consultation...
260 _aNairobi :
_bInternational Council for Research in Agroforestry,
_c1979
300 _a584 p.
_b: ilus. ; gráfs
590 _aBATCH-UPD
_b10
_c20130110
_lUCH01
_h1731
590 _aBATCH-UPD
_b10
_c20130410
_lUCH01
_h1112
590 _aBATCH-UPD
_b10
_c20130913
_lUCH01
_h2206
590 _aCONVERSION
_b10
_c20130109
_lUCH01
_h1322
650 1 4 _aAgroforestería.
_92156
650 1 4 _aSuelos forestales.
_9110548
700 0 _aHuxley, Peter A.
_957056
901 _aBK
942 _cLIBRO
949 _a634.922 M6
_bBC
_cLIBRO
_d33724000233730
_eLIBRO
_h56407
_i44393
_mD
_si
999 _c39296
_d39296